|
|
|
|
| LEADER |
00000nam a22000007a 4500 |
| 005 |
20220719221733.0 |
| 007 |
cr|||| ||| |
| 008 |
220719s2022 br |||||s|||| 00||0 por d |
| 020 |
|
|
|a 978658935195-5
|
| 035 |
|
|
|a 36737
|
| 040 |
|
|
|a vLex
|
| 090 |
|
|
|c 13587
|d 13587
|
| 100 |
1 |
|
|a de Moraes Mello, Cleyson
|
| 245 |
1 |
0 |
|a Curricularizaȯ̂ da Extensô Universitr̀ia
|h [Recurso electrn̤ico] /
|c Cleyson de Moraes Mello, Jos ̌Rogřio Moura de Almeida Neto
|
| 250 |
|
|
|a 2da. Edicin̤
|
| 256 |
|
|
|a Servicio en ln̕ea
|
| 260 |
|
|
|a Rio de Janeiro:
|b Editora Processo,
|c 2022
|
| 300 |
|
|
|a 1 recurso electrn̤ico
|
| 500 |
|
|
|a Esta obra oferece uma clara e panorḿica visô de como vem sendo realizada a evoluȯ̂ da educaȯ̂. Os autores apresentam uma personals̕sima anl̀ise do mais refinado pensamento sobre a Curricularizaȯ̂ da Extensô, bem como um detalhamento da Resoluȯ̂ nð 7, de 18 de dezembro de 2018, da Cḿara de Educaȯ̂ Superior do Conselho Nacional de Educaȯ̂, que estabelece as Diretrizes para a Extensô na Educaȯ̂ Superior Brasileira e regimenta o disposto na Meta 12.7 da Lei nð 13.005/2014, que aprova o Plano Nacional de Educaȯ̂ – PNE 2014 – 2024. Os autores, com larga expertise em gestô universitr̀ia, abordam, ainda, o planejamento, o registro e a implementaȯ̂ da extensô universitr̀ia nas matrizes curriculares.
|
| 506 |
1 |
|
|a Disponible solo en los productos indicados
|d vLex Global
|d vLex Global (Academic Edition, excluding Law Schools)
|d vLex Global (U.S. Academic Edition, Law Schools)
|d vLex Global (U.S. Academic Edition, excluding Law Schools)
|d vLex Global (Academic Edition, Law Schools)5
|
| 650 |
0 |
4 |
|a Universidades
|z Brasil
|
| 700 |
1 |
|
|a Moura de Almeida Neto, Jos ̌Rogřio
|
| 700 |
1 |
|
|a Pentagna Petrillo, Regina
|
| 740 |
0 |
|
|a vLex Libros (Servicio en ln̕ea)
|
| 856 |
4 |
0 |
|u https://app.vlex.com/#/sources/36737
|z Acceso restringido
|
| 942 |
|
|
|c BOOK
|
| 999 |
0 |
|
|a Universities
|